Sports Quiz

Random Sports or Baseball Quiz

MLB Teammates By Games Played Quiz Stats

 Plays Quiz Updated Oct 6, 2016

Challenge
Share
Tweet
Embed
Score 0/186 Timer 20:00
1 Play Today
G Player % Correct
&Babe Ruth
87.7%
1604Derek Jeter
86.6%
1456Derek Jeter
86.6%
&Ted Williams
81.6%
&Bernie Williams
81.6%
&Billy Williams
81.4%
&Billy Williams
81.4%
&Billy Williams
81.4%
1659Lou Gehrig
81%
1398Lou Gehrig
81%
&Lou Gehrig
81%
&Mickey Mantle
79.6%
&Mickey Mantle
79.6%
&Cal Ripken
78.5%
&Pete Rose
69.6%
&Pete Rose
69.6%
&Pete Rose
69.6%
1433Yogi Berra
69.6%
&Yogi Berra
69.6%
&Jorge Posada
67.6%
1493Willie Mays
67%
&Willie Mays
67%
&Chipper Jones
66.3%
1581Andruw Jones
66.1%
&Willie Jones
65.9%
&Willie Jones
65.9%
&Brooks Robinson
65.9%
&Brooks Robinson
65.9%
&Brooks Robinson
65.9%
&Jackie Robinson
65.9%
1603Johnny Bench
64.3%
1574Johnny Bench
64.3%
1290Johnny Bench
64.3%
1845Hank Aaron
61.6%
1529Ernie Banks
60.5%
1462Ernie Banks
60.5%
1340Travis Jackson
59.2%
&Carl Yastrzemski
57.1%
&Willie McCovey
56%
&Craig Biggio
55.1%
2029Jeff Bagwell
54.8%
1915George Brett
54.2%
1498George Brett
54.2%
1462George Brett
54.2%
1622Stan Musial
53.5%
1279Stan Musial
53.5%
&Mike Schmidt
52.7%
&Jim Rice
52.5%
&Sam Rice
52.4%
&Sam Rice
52.4%
&Eddie Murray
51.4%
1879Roberto Clemente
50.5%
&Robin Yount
50.1%
&Robin Yount
50.1%
&Robin Yount
50.1%
2015Ron Santo
49.8%
&Ron Santo
49.8%
&Ron Santo
49.8%
1918Alan Trammell
49%
1841Tony Perez
47.6%
&Tony Perez
47.6%
1340Nellie Fox
46.8%
G Player % Correct
1315Nellie Fox
46.8%
1689Paul Molitor
46.8%
&Paul Molitor
46.8%
&Lou Whitaker
46.7%
&Eddie Mathews
46%
&Pee Wee Reese
45.5%
1352Pee Wee Reese
45.5%
1314Pee Wee Reese
45.5%
&Pee Wee Reese
45.5%
&Duke Snider
44.6%
&Duke Snider
44.6%
&Duke Snider
44.6%
&Willie Wilson
44.2%
&Willie Wilson
44.2%
&Dave Concepcion
44.1%
1374Dave Concepcion
44.1%
1333Dave Concepcion
44.1%
1567Frank White
44.1%
&Frank White
44.1%
&Frank White
44.1%
1845Dwight Evans
43.1%
&Al Kaline
42.9%
1294Al Kaline
42.9%
&Al Kaline
42.9%
1589Brady Anderson
42.7%
1304Garret Anderson
42.6%
1250Garret Anderson
42.6%
&Harmon Killebrew
41%
1318Mel Ott
40.5%
&Mel Ott
40.5%
&Jimmie Foxx
40.1%
1250Elston Howard
39%
1479Steve Garvey
37.9%
&Steve Garvey
37.9%
&Kirby Puckett
37.8%
1732Boog Powell
37.2%
&Luis Gonzalez
35.5%
1286Willie Davis
34.4%
1416Ron Cey
33.5%
1310Ron Cey
33.5%
1276Ron Cey
33.5%
&Bill Mazeroski
33.3%
1282Bill Mazeroski
33.3%
&Tim Salmon
30.6%
1683Gil Hodges
29.8%
&Gil Hodges
29.8%
1467Gil Hodges
29.8%
1370Kent Hrbek
28.5%
1331Cecil Cooper
27.3%
&Davey Lopes
26.1%
&Paul Waner
25.6%
&Paul Waner
25.6%
&Paul Waner
25.6%
&Paul Waner
25.6%
1710Lloyd Waner
25.5%
1572Norm Cash
25.3%
1483Norm Cash
25.3%
1270Norm Cash
25.3%
&Bill Russell
24.7%
&Bill Russell
24.7%
1269Bobby Doerr
24.2%
&Tony Lazzeri
23.8%
G Player % Correct
&Al Simmons
23.7%
1300Tim Raines
23.5%
1519Hal McRae
23.1%
&Hal McRae
23.1%
1296Mark Belanger
22.3%
1269Mark Belanger
22.3%
&Enos Slaughter
19.8%
&Red Schoendienst
19.4%
1569Paul Blair
18.3%
&Paul Blair
18.3%
&Maury Wills
18.1%
1463Richie Ashburn
17.2%
1406Richie Ashburn
17.2%
1294Richie Ashburn
17.2%
1636Jim Gantner
17.1%
1319Jim Gantner
17.1%
1308Steve Finley
16.7%
&Darin Erstad
15.9%
&Tim Wallach
15.8%
1277Bill Freehan
14.9%
&Bill Freehan
14.9%
1560Carl Furillo
14.8%
1541Carl Furillo
14.8%
1403Carl Furillo
14.8%
1472Rico Petrocelli
14.8%
&Bert Campaneris
14.3%
1313Sal Bando
14.2%
1264Garry Maddox
14.2%
&Bill Terry
14.1%
&Bill Terry
14.1%
1268Rick Dempsey
13.9%
1298Pie Traynor
13.4%
1439Don Kessinger
13.4%
1283Don Kessinger
13.4%
1403Earle Combs
13.1%
&Minnie Minoso
11%
1374Bob Allison
10.7%
1263Arky Vaughan
10.3%
1280Curt Flood
9.9%
1252Hank Bauer
9.8%
&Dan Driessen
8.5%
&Dick McAuliffe
8.4%
&Dick McAuliffe
8.4%
&Del Ennis
6.1%
1660Joe Judge
5.9%
1292Jo-Jo Moore
5.5%
&Bill Virdon
5.3%
1426Jim Davenport
5.3%
&Julian Javier
5%
&Toby Harrah
5%
&Granny Hamner
4.7%
1272Granny Hamner
4.7%
&Joe Sewell
4.2%
&Stan Hack
3.9%
&Sherm Lollar
3.7%
1305Mike Hargrove
3.6%
1309Doc Cramer
3.6%
1344Jimmy Dykes
3.5%
1259Phil Cavarretta
2.7%
1318Gus Suhr
2.5%
1269Ossie Bluege
2.2%
1283Charlie Jamieson
2%

You're not logged in!

Compare scores with friends on all Sporcle quizzes.
Join for Free
OR
Log In

You Might Also Like...

Show Comments

Extras

Top Quizzes Today


Score Distribution

Your Account Isn't Verified!

In order to create a playlist on Sporcle, you need to verify the email address you used during registration. Go to your Sporcle Settings to finish the process.

Report this User

Report this user for behavior that violates our Community Guidelines.

Details: